Riconosci la Squadra di calcio - Quiz n°200 - Statistics

Statistiche generali
  • Questo quiz è stato fatto 4 volte
  • Il punteggio medio è 5 su 10
Statistiche sulle risposte
Indizio Risposta % Corretto
Confederazione CONCACAF
100%
Simboli Poiana di Harris, foglia d'acero
100%
Colori sociali Rosso, grigio
100%
Titoli nazionali 1 Titolo MLS
67%
Divisione nazionale 2023-2024 Prima
67%
Trofei internazionali 0
33%
Capienza Stadio 30 991 posti
33%
Fondazione 2005
0%
Trofei nazionali 8 Canadian Championship 1 Supporters' Shield
0%
Squadra Toronto FC
0%
Nessun quiz corrispondente trovato
Distribuzione punteggi
Percentuale di utenti per punteggio
Percentile per numero di risposta
I tuoi punteggi nel tempo
Non hai fatto questo quiz